000 00598nam a22001937a 4500
005 20241005062523.0
999 _c18583
_d18583
008 231204b ||||| |||| 00| 0 eng d
020 _a9781984679642
082 _22023
_aDC 005.74
_bT413
100 _a3G E-Learning.
_933638
245 _aDatabase systems /
_c3G E-Learning.
250 _a3rd edition.
260 _aNew York :
_b3G E-Learning LLC,
_c©2023.
300 _axii, 340 pages :
_bcolor illustrations ;
_c25.5 cm.
500 _aIncludes references and index.
650 _aDatabase management.
_950400
710 _a3G E-Learning.
_933638
942 _2ddc
_cDC